[Event "IX Festival A"]
[Site "Cesenatico ITA"]
[Date "2004.09.05"]
[Round "2"]
[White "Bernardini, Luca"]
[Black "Kemeny, Matthias"]
[Result "0-1"]
[WhiteElo "1760"]
[BlackElo "2074"]
[PlyCount "102"]
[EventDate "2004.09.04"]

1. b3 Nf6 2. Bb2 d6 3. e3 g6 4. f4 Bg7 5. Nf3 Nc6 6. h3 h5 7. Be2 a5 8. a3 O-O
9. d3 e5 10. O-O Nd5 11. Qc1 exf4 12. Bxg7 Kxg7 13. exf4 Qf6 14. c3 Qxf4 15.
Qxf4 Nxf4 16. Re1 Nxe2+ 17. Rxe2 Bf5 18. d4 Rfe8 19. Rxe8 Rxe8 20. Nbd2 Re3 21.
c4 Rd3 22. d5 Ne5 23. b4 a4 24. Ra2 Nxf3+ 25. Nxf3 Bxh3 26. Ne1 Rd1 27. gxh3
Rxe1+ 28. Kf2 Rh1 29. Kg2 Rc1 30. c5 dxc5 31. bxc5 Rxc5 32. Rb2 b5 33. Rd2 Rc3
34. d6 cxd6 35. Rxd6 Rxa3 36. Rb6 Rb3 37. h4 a3 38. Ra6 b4 39. Kf2 Rb2+ 40. Ke3
a2 41. Kd3 b3 42. Kc3 Rb1 43. Ra7 a1=Q+ 44. Rxa1 Rxa1 45. Kxb3 Rc1 46. Kb2 Rc8
47. Kb3 f5 48. Kb4 f4 49. Kb5 f3 50. Kb6 f2 51. Kb7 Rc2 0-1

[Event "IX Festival A"]
[Site "Cesenatico ITA"]
[Date "2004.09.05"]
[Round "2"]
[White "Bossoni, Mario"]
[Black "Steccanella, Sergio"]
[Result "1/2-1/2"]
[WhiteElo "2009"]
[BlackElo "1724"]
[PlyCount "84"]
[EventDate "2004.09.04"]

1. e4 g6 2. d4 Bg7 3. Nf3 d6 4. Nc3 Nf6 5. Be2 O-O 6. O-O Nbd7 7. h3 c5 8. Be3
h6 9. Qd2 Kh7 10. Rad1 cxd4 11. Nxd4 Nc5 12. Bf3 Nfd7 13. Nb3 Nxb3 14. axb3 Ne5
15. Be2 Nc6 16. f4 Bd7 17. e5 Re8 18. Bc4 Rf8 19. exd6 e6 20. Ne4 b6 21. Be2 f5
22. Nc3 Qf6 23. Bf3 Rac8 24. Bxc6 Rxc6 25. Bd4 Qf7 26. Bxg7 Qxg7 27. Qd4 Rf6
28. Ra1 a5 29. Na4 Rf7 30. Qxg7+ Kxg7 31. Rfd1 Rxc2 32. Rac1 Rxc1 33. Rxc1 Bxa4
34. bxa4 Kf6 35. Rc6 Rd7 36. Rxb6 e5 37. fxe5+ Kxe5 38. Rb5+ Kf4 39. Rxa5 Rxd6
40. Rc5 g5 41. Rc4+ Kg3 42. Rc3+ Kf4 1/2-1/2

[Event "IX Festival A"]
[Site "Cesenatico ITA"]
[Date "2004.09.05"]
[Round "2"]
[White "Brancaleoni, Maurizio"]
[Black "Areklett, Ivar"]
[Result "1-0"]
[WhiteElo "2298"]
[BlackElo "2105"]
[PlyCount "73"]
[EventDate "2004.09.04"]

1. Nf3 Nf6 2. d4 d6 3. c4 Nc6 4. Nc3 e5 5. g3 Nd7 6. Bg2 Ne7 7. O-O Ng6 8. Qc2
Be7 9. Rd1 O-O 10. c5 exd4 11. cxd6 dxc3 12. dxe7 Qxe7 13. Qxc3 c6 14. Be3 Re8
15. Rd2 Nf6 16. Qc2 Rd8 17. Rxd8+ Qxd8 18. Rd1 Qe8 19. Bg5 Qe7 20. Nd4 h6 21.
Bc1 Be6 22. Nxe6 Qxe6 23. b3 Re8 24. e3 h5 25. Qc4 a6 26. Qb4 Qe7 27. Qxe7 Nxe7
28. e4 Ng6 29. f3 Re7 30. Ba3 Re8 31. Bb2 h4 32. Kf2 hxg3+ 33. hxg3 Ne5 34. Bh3
a5 35. Bf5 g6 36. Bh3 Nh5 37. f4 1-0

[Event "IX Festival A"]
[Site "Cesenatico ITA"]
[Date "2004.09.05"]
[Round "2"]
[White "Calzetta Ruiz, Monica"]
[Black "Russi, Roberto"]
[Result "1-0"]
[WhiteElo "2289"]
[BlackElo "2086"]
[PlyCount "66"]
[EventDate "2004.09.04"]

1. e4 c5 2. Nc3 e6 3. Nf3 Nc6 4. d4 cxd4 5. Nxd4 Qc7 6. Be3 a6 7. Qd2 Nf6 8.
O-O-O b5 9. f3 Bb7 10. Kb1 Rc8 11. Nb3 Ne5 12. Bd4 d5 13. exd5 Bxd5 14. Qg5 Ng6
15. Bd3 Be7 16. h4 b4 17. Nxd5 Nxd5 18. Qd2 a5 19. Bxg7 Rg8 20. Bb5+ Kd8 21.
Bd4 Ngf4 22. g4 Bd6 23. Rde1 Ke7 24. h5 h6 25. Bf2 Kf8 26. Nd4 Rg5 27. Ba4 Rb8
28. Ka1 Rc8 29. Bh4 Re5 30. Reg1 Be7 31. Bg3 Bg5 32. Qh2 Re3 33. Bb3 Qc5 1-0

[Event "IX Festival A"]
[Site "Cesenatico ITA"]
[Date "2004.09.05"]
[Round "2"]
[White "De Andres Gonalons, Fernando"]
[Black "Dragojlovic, Andjelko"]
[Result "1-0"]
[WhiteElo "2087"]
[BlackElo "2309"]
[PlyCount "119"]
[EventDate "2004.09.04"]

1. d4 Nf6 2. c4 g6 3. g3 c6 4. Bg2 d5 5. cxd5 cxd5 6. Nf3 Bg7 7. Nc3 O-O 8. O-O
Ne4 9. Nxe4 dxe4 10. Ne5 Qb6 11. e3 Rd8 12. Qa4 Qe6 13. Bxe4 f6 14. Bc2 Qh3 15.
Nd3 g5 16. Bd2 Nc6 17. d5 Ne5 18. Nxe5 fxe5 19. Bc3 Bg4 20. f3 Bh5 21. Rad1 Rf8
22. Be4 g4 23. f4 Be8 24. Qb3 exf4 25. exf4 Qh6 26. Qxb7 Bxc3 27. bxc3 Ba4 28.
Rc1 a5 29. Bg2 Qd6 30. Rfe1 Bd7 31. Qb2 Rab8 32. Qe2 Rf7 33. c4 Rc8 34. Qe3 Rc5
35. Qe5 Bf5 36. Qxd6 exd6 37. Re8+ Kg7 38. Be4 Bd7 39. Rd8 Re7 40. Bd3 Bb5 41.
Rxd6 Rec7 42. Kf2 Bxc4 43. Ke3 Bxa2 44. Rxc5 Rxc5 45. Kd4 Rc8 46. Rd7+ Kf6 47.
Rd6+ Ke7 48. Re6+ Kf7 49. Be4 a4 50. Ra6 Bb3 51. Ke5 Rc1 52. Ra7+ Kf8 53. Kf5
h5 54. d6 Rd1 55. Ke5 Rd2 56. Bc6 Re2+ 57. Kf5 Rd2 58. Bxa4 Bxa4 59. Rxa4 Rxd6
60. Kg5 1-0

[Event "IX Festival A"]
[Site "Cesenatico ITA"]
[Date "2004.09.05"]
[Round "2"]
[White "De Vita, Igor"]
[Black "Jonkman, Harmen"]
[Result "0-1"]
[WhiteElo "2156"]
[BlackElo "2425"]
[PlyCount "72"]
[EventDate "2004.09.04"]

1. d4 d5 2. c4 dxc4 3. Nc3 e5 4. d5 Nf6 5. Bg5 Nbd7 6. e4 Nb6 7. Bxc4 a6 8. Bb3
Be7 9. Nf3 Bg4 10. h3 Bh5 11. g4 Bg6 12. Qe2 Nfd7 13. Be3 Nc8 14. Bc2 Nd6 15.
Nd2 h5 16. O-O-O Bg5 17. Kb1 Qe7 18. Rdg1 hxg4 19. hxg4 O-O-O 20. Nf1 Bf4 21.
b3 Qg5 22. Kb2 Rde8 23. f3 Rh6 24. Nd1 Reh8 25. Nf2 Rxh1 26. Rxh1 Rxh1 27. Nxh1
Nb5 28. Nf2 Qe7 29. Qd2 Qa3+ 30. Kb1 Nb6 31. Bxf4 Nc4 32. bxc4 Nc3+ 33. Qxc3
Qxc3 34. Bd2 Qxc4 35. Bd3 Qd4 36. Be3 36... Qb4+ {...} 0-1

[Event "IX Festival A"]
[Site "Cesenatico ITA"]
[Date "2004.09.05"]
[Round "2"]
[White "Del Nevo, Claudio"]
[Black "Braga, Gian Carlo"]
[Result "1-0"]
[WhiteElo "1941"]
[BlackElo "1461"]
[PlyCount "109"]
[EventDate "2004.09.04"]

1. d4 d5 2. Nf3 e6 3. a3 Nf6 4. Bg5 Be7 5. Bxf6 Bxf6 6. e3 c5 7. c3 c4 8. Nbd2
O-O 9. Qc2 Nd7 10. g4 e5 11. h4 e4 12. Ng5 h6 13. Nh3 Re8 14. Nf4 Nb6 15. Be2
Bxh4 16. Ng2 Bg5 17. O-O-O Bd7 18. Rdf1 a5 19. f4 exf3 20. Nxf3 Bxe3+ 21. Nxe3
Rxe3 22. Ne5 Be6 23. Rh5 Re4 24. Qd2 Nd7 25. Nxd7 Qxd7 26. g5 Rxe2 27. Qxe2 Bg4
28. Qh2 Bxh5 29. Qxh5 Ra6 30. gxh6 Rxh6 31. Qe5 b6 32. Rg1 f6 33. Qf4 Kh7 34.
Qg3 g6 35. Re1 Rh5 36. Qb8 b5 37. Qb6 Rf5 38. Qb8 Rh5 39. Kb1 a4 40. Rf1 Rf5
41. Re1 Rh5 42. Qg3 g5 43. Rf1 Kg6 44. Qg2 Qh3 45. Qf2 f5 46. Ka2 Rh4 47. Qe1
Re4 48. Qd1 g4 49. Rh1 Qf3 50. Qg1 Re2 51. Rh8 Qxc3 52. Qb1 Qb3+ 53. Ka1 c3 54.
Rg8+ Kh6 55. Qh1+ 1-0

[Event "IX Festival A"]
[Site "Cesenatico ITA"]
[Date "2004.09.05"]
[Round "2"]
[White "Emami, Madjid"]
[Black "Hess, Christian Mathias"]
[Result "1/2-1/2"]
[WhiteElo "2081"]
[BlackElo "2318"]
[PlyCount "99"]
[EventDate "2004.09.04"]

1. Nf3 d5 2. g3 g6 3. Bg2 Bg7 4. O-O e5 5. d3 Ne7 6. c3 O-O 7. Nbd2 c5 8. e4 d4
9. cxd4 cxd4 10. a3 a5 11. Rb1 b5 12. Re1 Nec6 13. Qc2 Qd6 14. b3 Na6 15. Bb2
Bd7 16. Rec1 Rfc8 17. Qd1 Nc5 18. Bf1 Bh6 19. a4 Nb4 20. Ba3 bxa4 21. Nc4 Qb8
22. Ncxe5 Be6 23. bxa4 Bxc1 24. Bxc1 f6 25. Nc4 Bxc4 26. dxc4 d3 27. Nd4 Qd6
28. Nb5 Qd7 29. Qf3 Ra6 30. Nc3 d2 31. Bb2 Ncd3 32. Nd5 Nxb2 33. Rxb2 Nxd5 34.
cxd5 Rd6 35. Rxd2 Qxa4 36. Bh3 Rc1+ 37. Kg2 Qc4 38. Re2 Kg7 39. e5 fxe5 40. Be6
Rxe6 41. dxe6 Qxe6 42. Qb7+ Kh6 43. Qb2 Qd5+ 44. Kh3 Rc5 45. Rd2 Qf3 46. Re2
Kh5 47. Rxe5+ Rxe5 48. Qxe5+ Kh6 49. Qxa5 Qxf2 50. Qa6 1/2-1/2

[Event "IX Festival A"]
[Site "Cesenatico ITA"]
[Date "2004.09.05"]
[Round "2"]
[White "Estremera Panos, Sergio"]
[Black "Maahs, Erich"]
[Result "1/2-1/2"]
[WhiteElo "2341"]
[BlackElo "2155"]
[PlyCount "121"]
[EventDate "2004.09.04"]

1. d4 d5 2. c4 dxc4 3. Nf3 a6 4. e3 Bg4 5. Bxc4 e6 6. h3 Bh5 7. O-O Nc6 8. Nc3
Nf6 9. Re1 Bd6 10. g4 Bg6 11. e4 e5 12. Bd5 Nd7 13. dxe5 Ndxe5 14. Nxe5 Bxe5
15. f4 Bxc3 16. bxc3 Qh4 17. Re3 O-O-O 18. f5 Ne5 19. fxg6 hxg6 20. c4 c6 21.
Qe2 cxd5 22. cxd5 Rd7 23. Rc3+ Rc7 24. Rxc7+ Kxc7 25. Bf4 Qe7 26. Rc1+ Kb8 27.
Qb2 f6 28. Qc3 Qd6 29. Kg2 g5 30. Be3 b6 31. Qd4 Kb7 32. Rc6 Nxc6 33. Qxb6+ Kc8
34. dxc6 Qb8 35. Qxa6+ Kc7 36. Bf2 Qb2 37. Qa5+ Kxc6 38. Qd5+ Kc7 39. Qf7+ Kd8
40. Qxg7 Re8 41. Qa7 Re6 42. Qa5+ Ke8 43. Kf3 Qc1 44. Qb5+ Kf7 45. Qd7+ Re7 46.
Qd5+ Kg7 47. a4 Qf4+ 48. Kg2 Qxe4+ 49. Qxe4 Rxe4 50. a5 Ra4 51. Bb6 Ra3 52. Bd8
Kf7 53. Bb6 Ke6 54. Bd8 Ke5 55. Bc7+ Ke4 56. Bd8 Kd5 57. Bxf6 Ke4 58. h4 Ra2+
59. Kg3 Ra3+ 60. Kg2 Ra2+ 61. Kg3 1/2-1/2

[Event "IX Festival A"]
[Site "Cesenatico ITA"]
[Date "2004.09.05"]
[Round "2"]
[White "Gaiba, Paolo"]
[Black "Cioara, Andrei Nestor"]
[Result "1-0"]
[WhiteElo "2145"]
[BlackElo "2373"]
[PlyCount "87"]
[EventDate "2004.09.04"]

1. e4 c6 2. d4 d5 3. exd5 cxd5 4. Bd3 Nc6 5. Nf3 Bg4 6. Nbd2 Nf6 7. c3 e6 8.
O-O Be7 9. Re1 O-O 10. Nf1 a6 11. Ng3 b5 12. h3 Bxf3 13. Qxf3 b4 14. Bg5 Nd7
15. Bf4 g6 16. Qg4 Re8 17. Rxe6 Nf6 18. Qe2 Nxd4 19. cxd4 fxe6 20. Qxe6+ Kg7
21. Be5 Bf8 22. Nf5+ gxf5 23. Qxf5 Rxe5 24. dxe5 Ne4 25. f3 Qb6+ 26. Kh2 Qd4
27. Rd1 Bc5 28. Bc2 Nd2 29. Qxh7+ Kf8 30. Qh6+ Kf7 31. Qxd2 Qxd2 32. Rxd2 d4
33. Be4 Rd8 34. f4 a5 35. Bd3 Ke6 36. g4 Kd5 37. Kg3 a4 38. Rc2 b3 39. axb3
axb3 40. Bc4+ Kc6 41. Rd2 Bb4 42. Rd3 Bc3 43. Bxb3 Bxb2 44. f5 1-0

[Event "IX Festival A"]
[Site "Cesenatico ITA"]
[Date "2004.09.05"]
[Round "2"]
[White "Galassi, Federico"]
[Black "Frilli, Guido"]
[Result "1-0"]
[WhiteElo "1943"]
[BlackElo "2131"]
[PlyCount "93"]
[EventDate "2004.09.04"]

1. e4 c5 2. Nc3 Nc6 3. g3 d6 4. Bg2 g6 5. d3 Bg7 6. Be3 e5 7. f4 Nge7 8. Nf3
Nd4 9. O-O O-O 10. Qd2 exf4 11. Bxf4 Bg4 12. Rae1 Qd7 13. Nd5 Nxd5 14. exd5
Nxf3+ 15. Bxf3 Bh3 16. Bg2 Bxg2 17. Kxg2 Rfe8 18. h3 b5 19. Rxe8+ Rxe8 20. Re1
h6 21. Rxe8+ Qxe8 22. c4 bxc4 23. dxc4 Qe4+ 24. Kh2 Qe7 25. b3 g5 26. Be3 Qe4
27. Bf2 Be5 28. a3 Qf3 29. b4 cxb4 30. axb4 f5 31. c5 dxc5 32. bxc5 f4 33. g4
Qe3 34. Qe1 Qxe1 35. Bxe1 Kf7 36. Kg2 Ke7 37. Kf3 Kd7 38. Ke4 Bb8 39. Bc3 Bc7
40. Bg7 a5 41. Bb2 a4 42. c6+ Ke7 43. Ba3+ Kd8 44. d6 Bb6 45. Bb2 Kc8 46. d7+
Kc7 47. Kd5 1-0

[Event "IX Festival A"]
[Site "Cesenatico ITA"]
[Date "2004.09.05"]
[Round "2"]
[White "Giussani, Igor"]
[Black "Weinberg, Emanuele"]
[Result "1/2-1/2"]
[WhiteElo "1670"]
[BlackElo "1952"]
[PlyCount "51"]
[EventDate "2004.09.04"]

1. d4 Nf6 2. Nf3 e6 3. e3 c5 4. Bd3 b6 5. Nbd2 Bb7 6. b3 cxd4 7. exd4 Nc6 8.
Bb2 Be7 9. c4 O-O 10. O-O Nb4 11. Bb1 d5 12. Ne5 dxc4 13. bxc4 Qc7 14. a3 Nc6
15. Ndf3 Rfd8 16. Qe2 h6 17. Re1 Bd6 18. Nxc6 Qxc6 19. d5 exd5 20. Bxf6 Re8 21.
Be5 f6 22. cxd5 Qd7 23. Qb2 Bxe5 24. Nxe5 Rxe5 25. Rxe5 fxe5 26. Be4 1/2-1/2

[Event "IX Festival A"]
[Site "Cesenatico ITA"]
[Date "2004.09.05"]
[Round "2"]
[White "Guccione, Daniele"]
[Black "Dallaglio, Giovanni"]
[Result "0-1"]
[WhiteElo "1814"]
[BlackElo "2057"]
[PlyCount "96"]
[EventDate "2004.09.04"]

1. d4 d5 2. Nf3 Nf6 3. c4 e6 4. Bg5 Be7 5. Nc3 O-O 6. e3 h6 7. Bf4 c5 8. Bd3
dxc4 9. Bxc4 a6 10. O-O b5 11. Bd3 Bb7 12. Ne5 Nc6 13. dxc5 Bxc5 14. Ne4 Be7
15. Rc1 Nxe5 16. Bxe5 Nxe4 17. Rc7 Bd5 18. Bxe4 Bxe4 19. Qg4 Bg6 20. Rd1 Qe8
21. Rdd7 Rc8 22. h4 Rxc7 23. Rxc7 h5 24. Qd4 Bf6 25. Bxf6 gxf6 26. Qxf6 Qd8 27.
Qf4 Qd5 28. a3 Rd8 29. g3 Qe4 30. Qxe4 Bxe4 31. Kf1 Bf3 32. Rc1 Rd2 33. b4 Ra2
34. Ke1 Rxa3 35. Kd2 Rb3 36. Ra1 Bb7 37. Kc2 Rxb4 38. Kc3 Ra4 39. Rb1 Ra2 40.
f4 Ra3+ 41. Kd4 Ra4+ 42. Ke5 Kg7 43. Re1 Rc4 44. g4 hxg4 45. Rg1 Bf3 46. Ra1 g3
47. Rg1 g2 48. f5 Re4+ 0-1

[Event "IX Festival A"]
[Site "Cesenatico ITA"]
[Date "2004.09.05"]
[Round "2"]
[White "Lagrotteria, Salvatore"]
[Black "Rotstein, Arkadij"]
[Result "1/2-1/2"]
[WhiteElo "2209"]
[BlackElo "2524"]
[PlyCount "123"]
[EventDate "2004.09.04"]

1. d4 Nf6 2. Nf3 e6 3. c4 c5 4. e3 d5 5. cxd5 exd5 6. Be2 Nc6 7. O-O Bd6 8.
dxc5 Bxc5 9. Bd2 O-O 10. Bc3 Ne4 11. Qb3 Re8 12. Bd4 Nxd4 13. Nxd4 Qd6 14. Qd3
Qb6 15. Qb5 Bd7 16. Qxb6 Bxb6 17. Rd1 Rac8 18. Na3 a6 19. Nf3 Be6 20. Bd3 Bg4
21. Nc2 g6 22. h3 Bxf3 23. gxf3 Nc5 24. Nb4 Red8 25. Bc2 d4 26. exd4 Ne6 27.
Be4 Bxd4 28. Bxb7 Rb8 29. Nc6 Bxf2+ 30. Kxf2 Rxd1 31. Rxd1 Rxb7 32. Rd2 Kg7 33.
b3 Kf6 34. Nd8 Rc7 35. Nxe6 Kxe6 36. Ke3 Rc1 37. Rd4 Rh1 38. Ra4 Rxh3 39. Rxa6+
Kf5 40. Ra5+ Kf6 41. Ra6+ Kg5 42. a4 h5 43. b4 Rh2 44. b5 Rb2 45. Rc6 h4 46. b6
h3 47. Rc5+ f5 48. Rb5 h2 49. Rxb2 h1=Q 50. Kd2 Qg2+ 51. Kc1 Qf1+ 52. Kd2 Qf2+
53. Kc1 Qe1+ 54. Kc2 Qe2+ 55. Kc1 Qf1+ 56. Kc2 Qe2+ 57. Kc1 Qxf3 58. b7 Qf4+
59. Kb1 Qe4+ 60. Kc1 Qe3+ 61. Kc2 Qe2+ 62. Kc1 1/2-1/2

[Event "IX Festival A"]
[Site "Cesenatico ITA"]
[Date "2004.09.05"]
[Round "2"]
[White "Lapenna, Antonio"]
[Black "Marholev, Dimitar"]
[Result "0-1"]
[WhiteElo "2030"]
[BlackElo "2350"]
[PlyCount "62"]
[EventDate "2004.09.04"]

1. d4 g6 2. Nf3 Bg7 3. Nbd2 d6 4. e4 Nf6 5. Bd3 O-O 6. O-O Nc6 7. c3 e5 8. a3
Nd7 9. Nb3 a5 10. Be3 f5 11. exf5 gxf5 12. Bc4+ Kh8 13. Ng5 Qe8 14. Ne6 Nb6 15.
Nxc7 Qd8 16. Nxa8 Nxc4 17. dxe5 Nxe3 18. fxe3 Bxe5 19. Qh5 Bd7 20. Rf3 Be8 21.
Qh6 Bg7 22. Qe6 Bf7 23. Qxf5 Ne5 24. Rh3 Bg6 25. Qe6 Bf5 26. Qd5 Bxh3 27. gxh3
Qxa8 28. Nxa5 Qa7 29. Nxb7 Qxe3+ 30. Kh1 Qe2 31. Nxd6 Rf1+ 0-1

[Event "IX Festival A"]
[Site "Cesenatico ITA"]
[Date "2004.09.05"]
[Round "2"]
[White "Lausen, Berthold"]
[Black "Russo, Carmelo"]
[Result "1-0"]
[WhiteElo "2059"]
[BlackElo "1835"]
[PlyCount "78"]
[EventDate "2004.09.04"]

1. d4 Nf6 2. c4 g6 3. Nc3 d5 4. Bf4 Bg7 5. e3 O-O 6. Rc1 c6 7. h3 Nbd7 8. Nf3
Qa5 9. Be2 Ne4 10. a3 dxc4 11. Bxc4 b5 12. Bd3 Nxc3 13. Rxc3 b4 14. axb4 Qxb4
15. O-O Qxb2 16. Rxc6 Bb7 17. Rc7 Rfd8 18. Qa4 Bxf3 19. gxf3 Nb6 20. Qa5 Rd5
21. Qa6 Qd2 22. Be4 Ra5 23. Qb7 Rf8 24. Rc2 Qb4 25. Rfc1 Qa3 26. Bc7 Rb5 27. f4
Rb2 28. Rxb2 Qxb2 29. Rc2 Qa1+ 30. Kg2 Nd7 31. Bc6 Nf6 32. Be5 a5 33. Qxe7 Qb1
34. Qc5 Rc8 35. Rc1 Qf5 36. Qxa5 Ne4 37. Qd5 Bh6 38. Bd7 Rd8 39. Bxf5 Rxd5 1-0

[Event "IX Festival A"]
[Site "Cesenatico ITA"]
[Date "2004.09.05"]
[Round "2"]
[White "Lombardini, Giulio"]
[Black "Masotti, Roberto"]
[Result "0-1"]
[WhiteElo "2072"]
[BlackElo "1874"]
[PlyCount "72"]
[EventDate "2004.09.04"]

1. e4 c5 2. Nf3 Nc6 3. d4 cxd4 4. Nxd4 e5 5. Nb3 Bb4+ 6. c3 Be7 7. Be2 Nf6 8.
Bf3 O-O 9. O-O d6 10. Na3 Be6 11. Nc2 d5 12. exd5 Nxd5 13. Ne3 Nb6 14. Qc2 f5
15. Rd1 Qc7 16. Bd5 Nxd5 17. Nxd5 Bxd5 18. Rxd5 Nb4 19. Qd1 Nxd5 20. Qxd5+ Kh8
21. Be3 Rad8 22. Qb5 b6 23. g3 Rd7 24. f4 Rfd8 25. fxe5 Rd5 26. Qf1 Rxe5 27.
Bf4 Bc5+ 28. Nd4 Rxd4 29. cxd4 Bxd4+ 30. Kg2 Qc2+ 31. Kh3 Re2 32. Qh1 h6 33.
Rc1 Qxb2 34. Rc8+ Kh7 35. Bxh6 Kxh6 36. Rh8+ Kg5 0-1

[Event "IX Festival A"]
[Site "Cesenatico ITA"]
[Date "2004.09.05"]
[Round "2"]
[White "Lucchi, Lorenzo"]
[Black "Cottarelli, Franco"]
[Result "1/2-1/2"]
[WhiteElo "1577"]
[BlackElo "1942"]
[PlyCount "112"]
[EventDate "2004.09.04"]

1. e4 c6 2. d4 d5 3. Nc3 dxe4 4. Nxe4 Bf5 5. Ng3 Bg6 6. h4 h6 7. Bc4 e6 8. Nf3
Nd7 9. Qe2 Ngf6 10. Ne5 Nxe5 11. dxe5 Nd5 12. Bd2 Qb6 13. O-O Bxc2 14. Bxd5
cxd5 15. Be3 d4 16. Bxd4 Qxd4 17. Qxc2 Be7 18. Qe4 Qxe4 19. Nxe4 Bxh4 20. Nd6+
Ke7 21. g3 Bf6 22. exf6+ Kxd6 23. fxg7 Rhg8 24. Rfd1+ Ke7 25. Rac1 Rac8 26. Kg2
Rc6 27. Rxc6 bxc6 28. Rc1 Kd6 29. Rd1+ Kc7 30. Rh1 Rxg7 31. Rxh6 Kd6 32. Rh5 f5
33. f4 Rb7 34. b3 Rb5 35. Kf3 Ra5 36. a4 Rc5 37. Rh7 Rc3+ 38. Kg2 Rxb3 39. Rxa7
c5 40. a5 c4 41. Ra8 c3 42. a6 Rb2+ 43. Kf3 c2 44. Rc8 Ra2 45. a7 Kd5 46. Rd8+
Kc4 47. a8=Q Rxa8 48. Rxa8 Kd3 49. Rd8+ Kc3 50. g4 fxg4+ 51. Kxg4 c1=Q 52. Rc8+
Kd2 53. Rxc1 Kxc1 54. Kg5 Kd2 55. Kf6 Ke3 56. Ke5 Kf3 1/2-1/2

[Event "IX Festival A"]
[Site "Cesenatico ITA"]
[Date "2004.09.05"]
[Round "2"]
[White "Maddaloni, Giovanni"]
[Black "Costantini, Laura"]
[Result "0-1"]
[WhiteElo "1849"]
[BlackElo "2068"]
[PlyCount "108"]
[EventDate "2004.09.04"]

1. e4 c5 2. Nc3 d6 3. g3 g6 4. Bg2 Bg7 5. d3 Nc6 6. h4 Nf6 7. Nge2 e5 8. O-O
O-O 9. Bg5 h6 10. Bxf6 Qxf6 11. Nd5 Qd8 12. c3 Ne7 13. Ne3 f5 14. f4 h5 15.
Qb3+ Kh7 16. Rad1 Qc7 17. Kh2 Bd7 18. Rd2 Bc6 19. Nd5 Bxd5 20. exd5 Rae8 21.
Ng1 Nc8 22. Nh3 Bf6 23. Qd1 Nb6 24. Re1 Qd8 25. Rde2 Rf7 26. fxe5 dxe5 27. Nf4
Qd6 28. c4 exf4 29. Rxe8 fxg3+ 30. Kg1 Bd4+ 31. Kf1 Qf4+ 32. Qf3 Qxh4 33. d6 f4
34. R8e7 Rg7 35. Rxg7+ Bxg7 36. Re7 Qf6 37. Qxb7 Qxb2 38. Rxg7+ Qxg7 39. Qc7
Kh6 40. Qxg7+ Kxg7 41. d4 Kf8 42. dxc5 Nxc4 43. Ke2 g5 44. Kd3 Ne3 45. c6 Nf5
46. d7 Ke7 47. Be4 Nd6 48. Bd5 Kd8 49. Kd4 Nb5+ 50. Ke5 Nc7 51. Bg2 a5 52. Kf5
h4 53. Kxg5 h3 54. Bxh3 f3 0-1

[Event "IX Festival A"]
[Site "Cesenatico ITA"]
[Date "2004.09.05"]
[Round "2"]
[White "Molina, Fabrizio"]
[Black "Vincenzi, Andrea"]
[Result "1-0"]
[WhiteElo "2246"]
[BlackElo "1807"]
[PlyCount "117"]
[EventDate "2004.09.04"]

1. c4 e5 2. g3 Bc5 3. Bg2 Nc6 4. Nc3 Nf6 5. a3 a6 6. Nf3 d6 7. O-O O-O 8. d3 h6
9. h3 Be6 10. b4 Ba7 11. Bb2 Qc8 12. Kh2 Nh7 13. Nd5 f5 14. Nd2 Nf6 15. f4 Bxd5
16. cxd5 exf4 17. dxc6 fxg3+ 18. Kxg3 Nh5+ 19. Kh2 b5 20. Bd5+ Kh8 21. e4 Qe8
22. Qf3 fxe4 23. Qxe4 Qxe4 24. Bxe4 Be3 25. Rxf8+ Rxf8 26. Rf1 Rf4 27. Nf3 Rf8
28. Bc1 Bd4 29. Kg2 Bc3 30. Nh4 Rxf1 31. Ng6+ Kg8 32. Kxf1 Kf7 33. Nf4 Nxf4 34.
Bxf4 Ke7 35. Bc1 Bf6 36. Bd5 Bd4 37. Ke2 Kd8 38. Kd1 g5 39. Kc2 Bf6 40. Bb2 Be7
41. Bf7 Bf8 42. Bf6+ Be7 43. Bg7 g4 44. hxg4 Bg5 45. Bf8 Be3 46. Kb3 Bg5 47. d4
Bc1 48. d5 Bf4 49. Bg6 Bd2 50. a4 Be3 51. axb5 axb5 52. Bd3 Ke8 53. Bg7 Kf7 54.
Bc3 Bb6 55. Bxb5 Kg6 56. Bd2 Kg7 57. Bf4 Kg6 58. Bd3+ Kg7 59. Kc4 1-0

[Event "IX Festival A"]
[Site "Cesenatico ITA"]
[Date "2004.09.05"]
[Round "2"]
[White "Novotny, Michal"]
[Black "Altea, Giovanni"]
[Result "1-0"]
[WhiteElo "2197"]
[BlackElo "1778"]
[PlyCount "58"]
[EventDate "2004.09.04"]

1. e4 c6 2. d4 d5 3. Nc3 dxe4 4. Nxe4 Bf5 5. Ng3 Bg6 6. Nf3 Nd7 7. Bc4 e6 8.
O-O Bd6 9. c3 Ngf6 10. Qb3 Nb6 11. Ne5 Nxc4 12. Nxc4 b5 13. Nxd6+ Qxd6 14. a4
a6 15. axb5 cxb5 16. Qxb5+ axb5 17. Rxa8+ Ke7 18. Rxh8 b4 19. Rc8 Kd7 20. Rc5
bxc3 21. bxc3 Nd5 22. Be3 f5 23. c4 Nf6 24. Ne2 Qa6 25. Bf4 Ne8 26. Be5 Bf7 27.
Nc3 Nd6 28. Bxd6 Qxd6 29. Nb5 Ke7 1-0

[Event "IX Festival A"]
[Site "Cesenatico ITA"]
[Date "2004.09.05"]
[Round "2"]
[White "Pircher, Karl"]
[Black "Aldrovandi, Costantino"]
[Result "1/2-1/2"]
[WhiteElo "2013"]
[BlackElo "2275"]
[PlyCount "51"]
[EventDate "2004.09.04"]

1. e4 Nf6 2. c4 g6 3. Nc3 Bg7 4. d4 d6 5. Nf3 O-O 6. Be2 e5 7. O-O Nc6 8. d5
Ne7 9. Ne1 Ne8 10. Nd3 c5 11. dxc6 bxc6 12. Be3 a5 13. b3 Bb7 14. Qd2 Nc7 15.
Rad1 Ne6 16. Ne1 Nd4 17. Nc2 c5 18. g3 f5 19. exf5 Nexf5 20. Bg5 Bf6 21. Bxf6
Qxf6 22. Bd3 g5 23. Nxd4 Nxd4 24. Be4 Rf7 25. Bxb7 Rxb7 26. Nd5 1/2-1/2

[Event "IX Festival A"]
[Site "Cesenatico ITA"]
[Date "2004.09.05"]
[Round "2"]
[White "Pompili, Ugo"]
[Black "Carola, Paolo"]
[Result "0-1"]
[WhiteElo "1801"]
[BlackElo "2053"]
[PlyCount "88"]
[EventDate "2004.09.04"]

1. Nf3 f5 2. b3 Nf6 3. Bb2 g6 4. c4 Bg7 5. e3 O-O 6. Be2 d6 7. O-O e5 8. d4 e4
9. Nfd2 c5 10. d5 Nbd7 11. Qc2 Ne8 12. Bxg7 Nxg7 13. Nc3 Ne5 14. a4 Qh4 15. f4
exf3 16. Bxf3 f4 17. e4 g5 18. Nb5 Rf6 19. Qc3 g4 20. Bd1 Rh6 21. h3 gxh3 22.
Nf3 Qg3 23. Qd2 hxg2 24. Qxg2 Qxg2+ 25. Kxg2 Bh3+ 26. Kg1 Bxf1 27. Nxe5 dxe5
28. Kxf1 a6 29. Nc3 Rf8 30. Bf3 Rff6 31. a5 Rh3 32. Kg2 Rg3+ 33. Kf2 Rh6 34.
Rg1 Rh2+ 35. Rg2 Rhxg2+ 36. Bxg2 Rxc3 37. Bf3 Rxb3 38. Bg4 Kf7 39. d6 Ne6 40.
Ke2 Nd8 41. d7 Ke7 42. Bf5 Nc6 43. d8=Q+ Kxd8 44. Bxh7 Nxa5 0-1

[Event "IX Festival A"]
[Site "Cesenatico ITA"]
[Date "2004.09.05"]
[Round "2"]
[White "Popa, Claudiu"]
[Black "Terbonati, Paolo"]
[Result "1-0"]
[WhiteElo "2183"]
[BlackElo "1931"]
[PlyCount "89"]
[EventDate "2004.09.04"]

1. e4 c5 2. c3 d5 3. exd5 Qxd5 4. d4 Nf6 5. Nf3 e6 6. Be2 Be7 7. O-O O-O 8. Ne5
cxd4 9. cxd4 Nc6 10. Bf3 Qd6 11. Nxc6 bxc6 12. Qa4 Nd5 13. Nd2 Bd7 14. Ne4 Qb4
15. Qxb4 Nxb4 16. Rd1 Nd5 17. Bg5 Bxg5 18. Nxg5 f5 19. Bxd5 cxd5 20. Re1 Rac8
21. Rac1 Rxc1 22. Rxc1 Rc8 23. Rxc8+ Bxc8 24. f4 h5 25. Nf3 Bd7 26. a3 Kf7 27.
Kf2 Ke7 28. Ke3 Kd6 29. h4 Be8 30. Ne5 Bb5 31. Kd2 Ke7 32. g3 Kd6 33. Kc3 a5
34. b3 Kc7 35. a4 Ba6 36. b4 axb4+ 37. Kxb4 Bc8 38. Kc5 Kb7 39. Kd6 Kb6 40.
Nd7+ Ka5 41. Nc5 Kb4 42. Kc7 Kc4 43. Kxc8 Kxd4 44. Nxe6+ Kc4 45. Kc7 1-0

[Event "IX Festival A"]
[Site "Cesenatico ITA"]
[Date "2004.09.05"]
[Round "2"]
[White "Pozzi, Enrico"]
[Black "Battaglia, Edoardo"]
[Result "1-0"]
[WhiteElo "2208"]
[BlackElo "1877"]
[PlyCount "59"]
[EventDate "2004.09.04"]

1. e4 c6 2. d4 d5 3. exd5 cxd5 4. c3 Nc6 5. Nf3 Bg4 6. Bb5 e6 7. h3 Bxf3 8.
Qxf3 Qb6 9. a4 Nf6 10. Nd2 Bd6 11. O-O O-O 12. Qe2 a6 13. Bxc6 Qxc6 14. a5 Rac8
15. Re1 h6 16. Nf3 Ne4 17. Ne5 Qc7 18. f3 Ng3 19. Qf2 Nf5 20. f4 Ne7 21. Bd2
Bxe5 22. fxe5 Qc4 23. Qg3 Nf5 24. Qf3 Qb3 25. Qd3 Rc4 26. Qb1 Ng3 27. Ra3 Qb5
28. Qa2 Qd7 29. Qb3 Ne4 30. Rxe4 1-0